Alle 11 Städte Deutschlands mit J - Statistiken

Allgemein
  • Dieses Quiz wurde 65 mal gespielt
  • Das Durchschnittsergebnis liegt bei 4 aus 11
Antwortstatistiken
Landkreis Stadt % Korrekt
\ (kreisfrei) Jena
93%
Friesland Jever
68%
J***c**w*r Land Jerichow
58%
Düren Jülich
54%
Teltow-Fläming Jüterbog
25%
Erzgebirgskreis Johanngeorgenstadt
23%
Rhein-Kreis Neuss Jüchen
23%
Wittenberg Jessen
19%
Vorpommern-Greifswald Jarmen
12%
Barnim Joachimsthal
12%
Erzgebirgskreis Jöhstadt
9%
Keine übereinstimmenden Quizze gefunden
Verteilung der Resultate
Anzahl Personen mit jedem Resultat
Perzentil nach korrekt beantworteten Fragen
Ihre Resultats-Entwicklung
Sie haben dieses Quiz noch nicht gespielt